00386nam a2200133Ia 4500100002800000942000700028654001500035245002900050260002600079082000800105546001200113999001700125952011000142 aChatterjee Satya Saran  cBK aManagement aAn Intrd . to Management bworld Press Pvtc2001 a658 aENGLISH c30647d30647 001040708AFTaCRCEbCRCEd2023-03-17g16.50i1539l0o658 pAFT1003r2023-03-17v16.50w2023-03-17yBK